Score 0/62 Timer 10:00
0 Plays Today
Initial Country % Correct
BAHBahrain
97.4%
BAHBahamas
88.5%
ESUnited States of America
87.2%
TATUnited States of America
87.2%
CRCroatia
84.6%
SIRussia
82.1%
SLSlovenia
82.1%
SSRussia
82.1%
USRussia
82.1%
ESEstonia
80.8%
SLSlovakia
80.8%
USBelarus
75.6%
ESUnited Arab Emirates
71.8%
MIUnited Arab Emirates
71.8%
CARMadagascar
70.5%
CRDemocratic Republic of the Congo
70.5%
ESSaint Vincent and the Grenadines
69.2%
ESSeychelles
69.2%
SASaint Kitts and Nevis
69.2%
SASaint Vincent and the Grenadines
69.2%
EGSaint Vincent and the Grenadines
69.2%
SASaint Lucia
67.9%
NZTanzania
65.4%
CRMicronesia
64.1%
ESMicronesia
64.1%
MIMicronesia
64.1%
SIMicronesia
64.1%
SISingapore
64.1%
UKUkraine
64.1%
USAustralia
62.8%
EGEgypt
61.5%
Initial Country % Correct
NKSri Lanka
61.5%
SIMalaysia
61.5%
SLMarshall Islands
61.5%
USAustria
61.5%
ESIndonesia
60.3%
SASao Tome and Principe
60.3%
SIIndonesia
60.3%
SASan Marino
57.7%
SISierra Leone
57.7%
ESMaldives
55.1%
SAGuinea-Bissau
53.8%
SITunisia
53.8%
SLSolomon Islands
53.8%
SSGuinea-Bissau
53.8%
SASamoa
51.3%
SASaudi Arabia
51.3%
USMauritius
50%
USCyprus
48.7%
MIDominica
47.4%
MIDominican Republic
47.4%
CARNicaragua
46.2%
EGBosnia and Herzegovina
46.2%
EGMontenegro
44.9%
ESBangladesh
44.9%
SAEl Salvador
44.9%
ESPhilippines
43.6%
ESTimor-Leste
41%
MINamibia
41%
EGSenegal
38.5%
ESLesotho
37.2%
ESPalestine
30.8%
Remove Ads.
Support Sporcle.
Get the best of Sporcle when you Go Orange. This ad-free experience offers more features, more stats, and more fun while also helping to support Sporcle. Thank you for becoming a member.

You're not logged in!

Compare scores with friends on all Sporcle quizzes.
OR
Log In

Show Comments

Extras

Top Quizzes Today


Score Distribution

Your Account Isn't Verified!

In order to create a playlist on Sporcle, you need to verify the email address you used during registration. Go to your Sporcle Settings to finish the process.

Report this User

Report this user for behavior that violates our Community Guidelines.

Details: